| 000 | 003900000a22001210004500 | ||
|---|---|---|---|
| 008 | 230817t1991 ||||| |||| 00| 0 eng d | ||
| 245 |
_aThe thatched patio: _bVol4, No.4 |
||
| 246 | _aPsychological aspects of women's relationship to religion | ||
| 260 |
_aColombo: _bInternational Centre for Ethnic Studies, _c1991 |
||
| 650 | _aWOMEN-Social role | ||
| 650 | _aWomen and religion | ||
| 942 | _cCR | ||
| 999 |
_c2520 _d2520 |
||